J1監督通算勝利数TOP10 - Statistics

General Stats
  • This quiz has been taken 74 times
  • The average score is 4 of 10
Answer Stats
順位 監督名 主なクラブ 主なタイトル 試合数 勝率 % Correct
5 長谷川 健太 G大阪(13-17) FC東京(18-21) 14.J1,天皇杯.Jリーグ杯 優勝 294 45.92
92%
1 西野 朗 G大阪 (02-11) 05 .J1 優勝 08 .ACL 優勝 523 51.43
85%
2 ネルシーニョ 柏 (09-14,19-23) 95 .NICOS 優勝 11 .J1 優勝 332 46.08
74%
3 ペトロヴィッチ 広島 (06-11) 浦和 (12-17) 15. 1st 優勝 16 .2nd 優勝 312 46.79
72%
6 ストイコヴィッチ 名古屋(08-13) 10.J1 優勝 201 50.75
38%
4 セレーゾ 鹿島(00-05,13-15) 00,01. J1 優勝 272 51.84
28%
7 ハンス オフト 磐田(94-96) 浦和(02-03) 92.AFCアジアカップ 209 47.85
26%
8 アルディレス 清水(96-98) 横浜FM(00-01) 00. 1st 優勝 04. 天皇杯 優勝 203 48.77
9%
9 柳下 正明 磐田(03,09-11) 03. 天皇杯 優勝 254 37.40
9%
10 早野 宏史 横浜M(95-96) 95. 横浜M 優勝 218 41.28
8%
No matching quizzes found
Score Distribution
Percent of People with Each Score
Percentile by Number Answered
Your Score History
You have not taken this quiz